00438 2200181 4500001002100000005001500021008004100036020002200077035001900099041000700118082001100125090001600136100002100152245002000173260000900193300002500202650002900227INLIS00000000000401320241224112830241224||||||||| | ||| |||| || |  a978-602-0832-64-7 0010-1224004013 aid0 a741..5 a741.5 NYO m0 aNyoman Sri Utami00aMerapikan Kamar c2015 a16 hlm.:ilus.;15 cm. 0aIlmu Kesenian & Olahraga